000 00633nam a22002057a 4500
005 20251108174751.0
008 250721s2009 xx 000 0 ara d
082 1 4 _a928.11/طري
100 1 _aالطريفي، يوسف عطا
_eمؤلف
245 1 0 _aأبو القاسم الشابي حياته و شعره /
264 1 _aبيروت :
_bالاهلية للنشر و التوزيع،
_c2009.
300 _a344 ص.
490 0 _aشعراء أعلام
650 1 7 _aالتراجم
650 1 7 _aالشعراء العرب
650 1 7 _aالعصر الحديث
650 1 7 _aتونس
942 _2ddc
_cBK
999 _c117503
_d117503